<?xml version="1.0" encoding="UTF-8"?>
<record
    xmlns:xsi="http://www.w3.org/2001/XMLSchema-instance"
    xsi:schemaLocation="http://www.loc.gov/MARC21/slim http://www.loc.gov/standards/marcxml/schema/MARC21slim.xsd"
    xmlns="http://www.loc.gov/MARC21/slim">

  <leader>02191nam a2200361 i 4500</leader>
  <controlfield tag="003">DO-SdBNP</controlfield>
  <controlfield tag="005">20230906111917.0</controlfield>
  <controlfield tag="007">ta</controlfield>
  <controlfield tag="008">230626b199-    dr a|||c |||| 00| 0 spa d</controlfield>
  <datafield tag="040" ind1=" " ind2=" ">
    <subfield code="a">DO-SdBNP</subfield>
    <subfield code="b">spa</subfield>
    <subfield code="c">BNPHU</subfield>
    <subfield code="e">rda</subfield>
  </datafield>
  <datafield tag="082" ind1=" " ind2="4">
    <subfield code="2">22</subfield>
    <subfield code="b">G643m</subfield>
    <subfield code="a">xxxx</subfield>
  </datafield>
  <datafield tag="100" ind1="1" ind2=" ">
    <subfield code="9">29274</subfield>
    <subfield code="a">Gonz&#xE1;lez, Sarah</subfield>
  </datafield>
  <datafield tag="245" ind1="1" ind2="0">
    <subfield code="a">La matem&#xE1;tica en mi vida = Ciencias naturales :</subfield>
    <subfield code="b">7mo. grado / </subfield>
    <subfield code="c">Sarah Gonz&#xE1;lez, Dulce Rodr&#xED;guez, Eduardo Luna, Ra&#xFA;l Alvarado, Violeta Morales y otros</subfield>
  </datafield>
  <datafield tag="246" ind1="1" ind2=" ">
    <subfield code="a">Matem&#xE1;tica y ciencia :</subfield>
    <subfield code="b">libro de texto, 7mo. grado /</subfield>
  </datafield>
  <datafield tag="264" ind1=" " ind2="1">
    <subfield code="a">Santo Domingo :</subfield>
    <subfield code="b">Secretaria de Estado de Educaci&#xF3;n Bellas Artes y Cultos,</subfield>
    <subfield code="c">[199-]</subfield>
  </datafield>
  <datafield tag="300" ind1=" " ind2=" ">
    <subfield code="a">v, 73 p&#xE1;ginas :</subfield>
    <subfield code="b">ilustraciones </subfield>
    <subfield code="c">27 cm</subfield>
  </datafield>
  <datafield tag="336" ind1=" " ind2=" ">
    <subfield code="2">rdaconten</subfield>
    <subfield code="a">texto</subfield>
    <subfield code="b">txt</subfield>
  </datafield>
  <datafield tag="337" ind1=" " ind2=" ">
    <subfield code="2">rdamedia</subfield>
    <subfield code="a">sin  medici&#xF3;n</subfield>
    <subfield code="b">n</subfield>
  </datafield>
  <datafield tag="338" ind1=" " ind2=" ">
    <subfield code="2">rdacarrier</subfield>
    <subfield code="a">volumen</subfield>
    <subfield code="b">nc</subfield>
  </datafield>
  <datafield tag="500" ind1=" " ind2=" ">
    <subfield code="a">Mejores ciudadanos para el nuevo milenio. </subfield>
  </datafield>
  <datafield tag="505" ind1="2" ind2=" ">
    <subfield code="g">Introducci&#xF3;n como utilizar la matem&#xE1;tica en mi vida </subfield>
    <subfield code="t">N&#xFA;meros naturales --</subfield>
    <subfield code="t">Fracciones comunes --</subfield>
    <subfield code="t">Decimales --</subfield>
    <subfield code="t">Razones, proporciones y por cientos --</subfield>
    <subfield code="t">Geometr&#xED;a --</subfield>
    <subfield code="t">Mediciones /</subfield>
  </datafield>
  <datafield tag="505" ind1="0" ind2=" ">
    <subfield code="g">Ciencias naturales </subfield>
    <subfield code="t">Propiedades f&#xED;sicas de la materia --</subfield>
    <subfield code="t">Propiedades qu&#xED;micas de la materia --</subfield>
    <subfield code="t">Caracter&#xED;sticas de los estados de la materia --</subfield>
    <subfield code="t">Elementos que componen la materia --</subfield>
    <subfield code="t">Compuestos qu&#xED;micos --</subfield>
    <subfield code="t">Mezcla y combinaci&#xF3;n --</subfield>
    <subfield code="t">Combinaci&#xF3;n --</subfield>
    <subfield code="t">Fen&#xF3;menos f&#xED;sicos y qu&#xED;micos --</subfield>
    <subfield code="t">Naturaleza y comportamiento de la luz --</subfield>
    <subfield code="t">Lentes e instrumentos &#xF3;pticos --</subfield>
    <subfield code="t">Corriente el&#xE9;ctrica --</subfield>
    <subfield code="t">Costo de la electricidad --</subfield>
    <subfield code="t">Magnetismo y fuentes de energ&#xED;a el&#xE9;ctrica --</subfield>
    <subfield code="t">Teor&#xED;a celular - estructura y funci&#xF3;n celular --</subfield>
    <subfield code="t">Reproducci&#xF3;n celular - mitosis y meiosis --</subfield>
    <subfield code="t">Niveles de organizaci&#xF3;n de la materia viviente --</subfield>
    <subfield code="t">Los microorganismos --</subfield>
    <subfield code="t">Las bacterias --</subfield>
    <subfield code="t">Microorganismos &#xFA;tiles y perjudiciales /</subfield>
  </datafield>
  <datafield tag="590" ind1=" " ind2=" ">
    <subfield code="a">Inventariado 2023 / YL</subfield>
  </datafield>
  <datafield tag="700" ind1="1" ind2=" ">
    <subfield code="9">29275</subfield>
    <subfield code="a">Rodr&#xED;guez Dulce</subfield>
    <subfield code="e">autora</subfield>
  </datafield>
  <datafield tag="700" ind1="1" ind2=" ">
    <subfield code="a">Luna, Eduardo</subfield>
    <subfield code="e">autor</subfield>
    <subfield code="9">25917</subfield>
  </datafield>
  <datafield tag="700" ind1="1" ind2=" ">
    <subfield code="9">67251</subfield>
    <subfield code="a">Alvarado, Raul</subfield>
    <subfield code="e">autor</subfield>
  </datafield>
  <datafield tag="700" ind1="1" ind2=" ">
    <subfield code="a">Morales, Violeta</subfield>
    <subfield code="e">autora</subfield>
    <subfield code="9">36938</subfield>
  </datafield>
  <datafield tag="700" ind1="1" ind2=" ">
    <subfield code="a">Mera, Luis</subfield>
    <subfield code="e">autor</subfield>
    <subfield code="9">84063</subfield>
  </datafield>
  <datafield tag="700" ind1="1" ind2=" ">
    <subfield code="a">Valdez, Manuel</subfield>
    <subfield code="e">autor</subfield>
    <subfield code="9">46323</subfield>
  </datafield>
  <datafield tag="700" ind1="1" ind2=" ">
    <subfield code="a">Duval, Carmen</subfield>
    <subfield code="e">autora</subfield>
    <subfield code="9">84064</subfield>
  </datafield>
  <datafield tag="910" ind1=" " ind2=" ">
    <subfield code="a">YLockward</subfield>
  </datafield>
  <datafield tag="942" ind1=" " ind2=" ">
    <subfield code="2">ddc</subfield>
    <subfield code="c">LBS1</subfield>
  </datafield>
  <datafield tag="952" ind1=" " ind2=" ">
    <subfield code="0">0</subfield>
    <subfield code="1">0</subfield>
    <subfield code="2">ddc</subfield>
    <subfield code="5">1</subfield>
    <subfield code="7">0</subfield>
    <subfield code="8">PD</subfield>
    <subfield code="a">BNPHU</subfield>
    <subfield code="b">BNPHU</subfield>
    <subfield code="c">CT</subfield>
    <subfield code="d">2014-12-01</subfield>
    <subfield code="e">Barbara Suncar</subfield>
    <subfield code="l">0</subfield>
    <subfield code="o">G643m xxxx</subfield>
    <subfield code="p">2023-5675</subfield>
    <subfield code="r">2023-09-06</subfield>
    <subfield code="w">2023-09-06</subfield>
    <subfield code="y">LBS1</subfield>
    <subfield code="z">Perteneci&#xF3; a la biblioteca personal de B&#xE1;rbara Suncar</subfield>
  </datafield>
  <datafield tag="999" ind1=" " ind2=" ">
    <subfield code="c">54635</subfield>
    <subfield code="d">54635</subfield>
  </datafield>
</record>
